000 01062nam a22003257a 4500
003 CHAP
005 20220817044500.0
008 110922s1975 mx a r 00010 spa d
010 _a102173
011 _a103145
035 _a113834
040 _cCHAP
090 _aFolleto 18064
100 0 0 _aCastro Franco, Jesús.
_920359
245 1 0 _aEnfermedades del jitomate en El Bajío
_c/por Jesús Castro Franco
260 _aMéxico, D.F. :
_bINIA,
_c1975
300 _a15 p. :
_bilus.
490 0 _aFolleto misceláneo
_v; 26
590 _aBATCH-UPD
_b10
_c20130110
_lUCH01
_h1813
590 _aBATCH-UPD
_b10
_c20130410
_lUCH01
_h1147
590 _aBATCH-UPD
_b10
_c20130914
_lUCH01
_h0859
590 _aCONVERSION
_b10
_c20130109
_lUCH01
_h1356
650 1 4 _aTomate
_xEnfermedades por hongos.
_9113713
650 1 4 _aTomate
_xEnfermedades por nemátodos.
_9113714
650 1 4 _aTomate
_xEnfermedades por virus.
_9113715
830 0 _aFolleto miscelaneo
_v; 26
901 _aBK
942 _cFOLL
949 _aFolleto 18064
_bBC
_cFOLL
_d33724002311025
_eTS1
_i113834
_sb
999 _c102173
_d102173